[Event "Let's Play Chess!"]
[Site "http://www.queenalice.com/game.php?id=193723"]
[Date "2007.4.8"]
[Round "-"]
[White "jose50"]
[Black "pladeira"]
[Result "1-0"]
[WhiteElo "1851"]
[BlackElo "1633"]

1. e4 Nf6 2. Nc3 e5 3. Bc4 Nxe4 4. Nxe4 d5 5. Bxd5 Qxd5 6. d3 Nc6 7. Bg5 h6 8.
Bf6 Qa5+ 9. c3 gxf6 10. Nxf6+ Ke7 11. Ne4 b6 12. Nf3 Ba6 13. Nh4 Kd8 14. Qh5 Be7
15. Nf5 f6 16. Qf7 Rf8 17. Qe6 Bb7 18. b4 Qb5 19. a4 Qa6 20. b5 Bc8 21. Qd5+ Bd7
22. bxa6 Ke8 23. Nxe7 Kxe7 24. O-O f5 25. Ng3 Rad8 26. Rfe1 f4 27. Nf1 Rde8 28.
d4 Kd8 29. dxe5 Rf5 30. Rad1 Re7 31. Qxc6 Kc8 32. Qa8# 1-0

[Event "Let's Play Chess!"]
[Site "http://www.queenalice.com/game.php?id=194203"]
[Date "2007.4.9"]
[Round "-"]
[White "pladeira"]
[Black "morphy1095"]
[Result "1-0"]
[WhiteElo "1657"]
[BlackElo "1507"]

1. e4 e5 2. Nf3 d6 3. d4 Nc6 4. d5 Nce7 5. Nc3 Nf6 6. h3 g6 7. g3 Bg7 8. Bg2 O-O
9. O-O b6 10. Nb1 Bb7 11. c4 Nxe4 12. Re1 f5 13. Ng5 Nxg5 14. Bxg5 Bf6 15. Be3
e4 16. Qc2 Qd7 17. Nc3 c5 18. f3 Rfe8 19. fxe4 Bg7 20. Rab1 fxe4 21. Nxe4 Nf5
22. Bf2 Re7 23. g4 Nh6 24. b3 Rf8 25. a3 Ref7 26. b4 Bh8 27. b5 Bg7 28. Rf1 Rf4
29. Bg3 Rxf1+ 30. Rxf1 Rxf1+ 31. Bxf1 Bd4+ 32. Kh1 Qf7 33. Qe2 Qf8 34. Bxd6 Qf7
35. Ng5 Qf6 36. Qe8+ Kg7 37. Ne6+ Qxe6 38. Qf8# 1-0

[Event "Let's Play Chess!"]
[Site "http://www.queenalice.com/game.php?id=197463"]
[Date "2007.4.16"]
[Round "-"]
[White "pladeira"]
[Black "cJw314"]
[Result "1-0"]
[WhiteElo "1572"]
[BlackElo "1511"]

1. d4 Nf6 2. c4 c5 3. d5 d6 4. Nc3 g6 5. e4 Bg7 6. Bd3 O-O 7. Nge2 Nbd7 8. f4
Nb6 9. O-O e6 10. Ng3 e5 11. fxe5 Ng4 12. Qe1 Qh4 13. h3 Bxe5 14. Bf4 Nh2 15.
Kxh2 Bxf4 16. Ne2 Bg4 17. Nxf4 g5 18. Nfe2 Na4 19. Rb1 Nb6 20. Nf5 Bxf5 21. Qxh4
gxh4 22. Rxf5 1-0

[Event "Let's Play Chess!"]
[Site "http://www.queenalice.com/game.php?id=245139"]
[Date "2007.7.25"]
[Round "-"]
[White "jojo2017"]
[Black "pladeira"]
[Result "0-1"]
[WhiteElo "1942"]
[BlackElo "1798"]

1. e4 e5 2. d4 exd4 3. Qxd4 Nc6 4. Qd3 Nf6 5. Bf4 Bb4+ 6. Nc3 Ba5 7. a3 O-O 8.
Ne2 d6 9. O-O-O Qe7 10. Qg3 Nxe4 11. Nxe4 Qxe4 12. Bh6 Qg6 13. Bf4 Qxg3 14. hxg3
Bf5 15. Rd5 Bg6 16. a4 Rfe8 17. c3 Bb6 18. f3 Ne5 19. Bxe5 Rxe5 20. Rxe5 dxe5
21. f4 exf4 22. gxf4 Re8 23. g4 Be3+ 24. Kd1 Rd8+ 25. Ke1 Bc2 26. Nd4 Bxa4 27.
Bd3 h6 28. f5 Bxd4 29. cxd4 Rxd4 30. Kd2 f6 31. Ra1 a6 32. Kc3 Rxg4 33. Bc4+ Kf8
34. Rxa4 b5 35. Rxa6 bxc4 36. Rc6 h5 37. Rxc7 h4 38. Rc8+ Ke7 39. Rh8 Kd6 40.
Re8 Kd5 41. b3 Rg3+ 42. Kc2 Rxb3 43. Rd8+ Ke4 44. Re8+ Kxf5 45. Rh8 h3 46. Rh4
Rg3 47. Kd2 Rg2+ 48. Ke1 h2 49. Kf1 Rg1+ 50. Kf2 h1=Q 0-1

[Event "Let's Play Chess!"]
[Site "http://www.queenalice.com/game.php?id=245141"]
[Date "2007.7.25"]
[Round "-"]
[White "pladeira"]
[Black "jojo2017"]
[Result "1-0"]
[WhiteElo "1760"]
[BlackElo "1940"]

1. e4 e5 2. Nf3 Nc6 3. Bb5 Nd4 4. Nxd4 exd4 5. d3 a6 6. Bc4 Qe7 7. O-O Qe5 8. c3
Bd6 9. g3 b5 10. cxd4 Qxd4 11. Bb3 Bc5 12. a3 Nf6 13. Nc3 O-O 14. Be3 Qd6 15.
Bxc5 Qxc5 16. Rc1 c6 17. d4 Qh5 18. Qxh5 Nxh5 19. e5 Bb7 20. Ne2 g6 21. f4 Rae8
22. Nc3 a5 23. Ne4 Re7 24. Nd6 Ba8 25. f5 gxf5 26. Nxf5 Ree8 27. Nh6+ Kg7 28.
Bxf7 Kxh6 29. Bxe8 Rxe8 30. Rf7 Rd8 31. Rcf1 c5 32. dxc5 Bd5 33. R7f2 Be6 34.
Rd2 Rc8 35. b4 axb4 36. axb4 Ra8 37. Rd4 Rg8 38. Rd6 Rg4 39. c6 Rg7 40. cxd7
Rxd7 41. Rxe6+ Kg7 42. g4 Ng3 43. hxg3 Rd4 44. Re7+ Kg6 45. Rf6+ 1-0

[Event "Let's Play Chess!"]
[Site "http://www.queenalice.com/game.php?id=245180"]
[Date "2007.7.25"]
[Round "-"]
[White "pladeira"]
[Black "bispo"]
[Result "1-0"]
[WhiteElo "1741"]
[BlackElo "1534"]

1. d4 Nf6 2. c4 d5 3. cxd5 Nxd5 4. Nf3 Bg4 5. e3 Nc6 6. e4 Nb6 7. d5 Ne5 8. Be2
Bxf3 9. Bxf3 Nxf3+ 10. Qxf3 Qd6 11. O-O O-O-O 12. Nc3 Nc4 13. Qxf7 h5 14. b3 Ne5
15. Qf5+ Kb8 16. Bf4 g6 17. Qxe5 Qxe5 18. Bxe5 Rh7 19. Nb5 Rd7 20. Rac1 Bg7 21.
Bxc7+ Ka8 22. Bg3 1-0

[Event "Let's Play Chess!"]
[Site "http://www.queenalice.com/game.php?id=245181"]
[Date "2007.7.25"]
[Round "-"]
[White "bispo"]
[Black "pladeira"]
[Result "0-1"]
[WhiteElo "1469"]
[BlackElo "1813"]

1. Nf3 d5 2. c4 d4 3. b3 f6 4. Bb2 e5 5. g3 c5 6. d3 Nc6 7. Bg2 Bd6 8. O-O Nge7
9. Re1 O-O 10. Na3 a6 11. e3 Nb4 12. h4 Bf5 13. Bf1 Re8 14. e4 Bg4 15. Bg2 Qc8
16. Nc2 Nbc6 17. Qd2 Rf8 18. a3 f5 19. Nh2 Bh5 20. exf5 Qxf5 21. Be4 Qd7 22. f3
Bg6 0-1

[Event "Let's Play Chess!"]
[Site "http://www.queenalice.com/game.php?id=254828"]
[Date "2007.8.13"]
[Round "-"]
[White "pladeira"]
[Black "dtrainey"]
[Result "1-0"]
[WhiteElo "1741"]
[BlackElo "1314"]

1. e4 e5 2. Nf3 d5 3. exd5 Qxd5 4. Nc3 Qc5 5. d3 Bg4 6. Ne4 Qa5+ 7. Bd2 Qb6 8.
Be2 Nf6 9. O-O Bc5 10. Nxe5 Bxe2 11. Qxe2 Qxb2 12. Nxc5 O-O 13. c3 Qb5 14. Nb3
Qb6 15. d4 Nbd7 16. Nxd7 Nxd7 17. Rfe1 Rfe8 18. Qxe8+ Rxe8 19. Rxe8+ Nf8 20. Nc5
Qb5 21. Rae1 g6 22. Bh6 f6 23. Rxf8# 1-0

[Event "Let's Play Chess!"]
[Site "http://www.queenalice.com/game.php?id=254829"]
[Date "2007.8.13"]
[Round "-"]
[White "dtrainey"]
[Black "pladeira"]
[Result "0-1"]
[WhiteElo "1497"]
[BlackElo "1837"]

1. c4 e5 2. e4 Nf6 3. Nc3 Nc6 4. g3 Bc5 5. a3 a5 6. Bg2 O-O 7. Nb5 Nd4 8. d3 c6
9. Be3 cxb5 10. a4 b4 11. b3 d6 12. Bxd4 Bxd4 13. Ra2 Be6 14. Nf3 Rb8 15. O-O
Qc8 16. h3 Bxh3 17. Bxh3 Qxh3 18. Ng5 Qh6 19. Nf3 b6 20. Nh4 Nh5 21. Qg4 Rfe8
22. Nf5 Qg6 23. Qxg6 fxg6 24. Nxd4 exd4 25. Re2 Nf6 26. f3 Nd7 27. f4 Nc5 28. e5
Re6 29. f5 gxf5 30. Rxf5 Nxb3 31. Ref2 dxe5 32. g4 Nc5 33. g5 Nxd3 34. Re2 g6
35. Rf6 Rxf6 36. gxf6 Rf8 37. Rd2 Nf4 38. Kf1 Rxf6 39. Rh2 h5 40. Kg1 Rc6 41.
Rc2 d3 42. Rf2 Nh3+ 43. Kf1 Nxf2 0-1

[Event "Let's Play Chess!"]
[Site "http://www.queenalice.com/game.php?id=275989"]
[Date "2007.9.23"]
[Round "-"]
[White "pladeira"]
[Black "filhoje"]
[Result "0-1"]
[WhiteElo "1707"]
[BlackElo "1663"]

1. d4 d5 2. c4 dxc4 3. Nf3 Nc6 4. e3 b6 5. Bxc4 Bb7 6. Nc3 e6 7. O-O Qf6 8. Bd2
O-O-O 9. Qc2 Bd6 10. a3 Na5 11. Ba2 Qh6 12. h3 f5 13. b4 Bxf3 14. Bxe6+ Qxe6 15.
gxf3 f4 16. Nb5 Qxh3 17. Nxd6+ Rxd6 0-1

[Event "Let's Play Chess!"]
[Site "http://www.queenalice.com/game.php?id=275997"]
[Date "2007.9.23"]
[Round "-"]
[White "lucianovdemelo"]
[Black "pladeira"]
[Result "0-1"]
[WhiteElo "1478"]
[BlackElo "1633"]

1. d4 d5 2. c4 e6 3. Nc3 Nf6 4. Nf3 c5 5. e3 Nc6 6. Bd3 cxd4 7. exd4 dxc4 8.
Bxc4 Bd7 9. O-O g6 10. Bg5 Bg7 11. Qd3 O-O 12. Rad1 Qb6 13. b3 Nb4 14. Qd2 Nbd5
15. Bxd5 Nxd5 16. Ne5 Bc6 17. Nxd5 exd5 18. f4 f6 19. Bxf6 Bxf6 20. Nxc6 Qxc6
21. g3 Rac8 22. Rfe1 Qc2 23. Qxc2 Rxc2 24. a4 Rb2 25. Rd3 Kf7 26. Rc1 Re8 27.
Rc7+ Kg8 28. Rxb7 Re1# 0-1

[Event "Let's Play Chess!"]
[Site "http://www.queenalice.com/game.php?id=276253"]
[Date "2007.9.24"]
[Round "-"]
[White "pladeira"]
[Black "lesangesleader"]
[Result "1/2-1/2"]
[WhiteElo "1818"]
[BlackElo "1568"]

1. e4 e6 2. d4 d5 3. Nc3 a6 4. exd5 exd5 5. Be2 Nf6 6. Nf3 Be7 7. O-O Bg4 8. Be3
O-O 9. h3 Bxf3 10. Bxf3 c6 11. a3 Nbd7 12. Re1 Re8 13. Bf4 h6 14. Qd3 Qb6 15.
Rab1 Bf8 16. b4 Qd8 17. Qd2 Nb6 18. Rxe8 Qxe8 19. Re1 Qd7 20. Bh2 Nc4 21. Qf4
Bd6 22. Qc1 Bxh2+ 23. Kxh2 Re8 24. Rxe8+ Qxe8 25. a4 Qb8+ 26. Kg1 b5 27. a5 Nh7
28. Ne2 Nf6 29. c3 Ne4 30. Ng3 Nxg3 31. fxg3 Qxg3 32. Qf1 Ne3 1/2-1/2

[Event "Let's Play Chess!"]
[Site "http://www.queenalice.com/game.php?id=294711"]
[Date "2007.10.29"]
[Round "-"]
[White "CampbellMarcel"]
[Black "pladeira"]
[Result "0-1"]
[WhiteElo "1852"]
[BlackElo "1668"]

1. e4 e5 2. f4 exf4 3. Bc4 d5 4. Bxd5 Nf6 5. Qe2 Be7 6. Bb3 O-O 7. Nf3 Re8 8.
O-O Nc6 9. e5 Bc5+ 10. Kh1 Qe7 11. Re1 Bg4 12. e6 Kh8 13. exf7 Qxe2 14. fxe8=Q+
Rxe8 0-1

[Event "Let's Play Chess!"]
[Site "http://www.queenalice.com/game.php?id=348404"]
[Date "2008.2.4"]
[Round "-"]
[White "CampbellMarcel"]
[Black "pladeira"]
[Result "0-1"]
[WhiteElo "1685"]
[BlackElo "1854"]

1. e4 e5 2. Nf3 Nc6 3. Bb5 a6 4. Bxc6 dxc6 5. c3 Bg4 6. h3 Bxf3 7. gxf3 Nf6 8.
Na3 Bc5 9. Nc2 O-O 10. d4 Ba7 11. dxe5 Qxd1+ 12. Kxd1 Nd7 13. f4 Bxf2 14. Rf1
Ba7 15. Be3 Bxe3 16. Nxe3 Nc5 17. f5 Rad8+ 18. Kc2 Nxe4 19. f6 gxf6 20. Rg1+ Kh8
21. exf6 Nxf6 22. Nc4 Rg8 23. Ne5 Rxg1 24. Rxg1 Rf8 25. Kd3 h6 26. Rf1 Kg7 27.
Rg1+ Kh7 28. Ng4 Nxg4 29. Rxg4 Re8 30. b3 c5 31. a3 b6 32. Ra4 Rd8+ 33. Ke4 a5
34. b4 cxb4 35. axb4 Ra8 36. Kd5 f5 37. bxa5 Rxa5+ 38. Rxa5 bxa5 0-1

[Event "Let's Play Chess!"]
[Site "http://www.queenalice.com/game.php?id=348406"]
[Date "2008.2.4"]
[Round "-"]
[White "pladeira"]
[Black "CampbellMarcel"]
[Result "0-1"]
[WhiteElo "1866"]
[BlackElo "1713"]

1. e4 e5 2. Nf3 Nc6 3. Bb5 d6 4. d4 a6 5. Ba4 b5 6. Bb3 Qe7 7. d5 Na5 8. O-O Bg4
9. h3 Bh5 10. Be3 Nf6 11. a3 Nxb3 12. cxb3 Nxe4 13. Nc3 Nxc3 14. bxc3 f5 15. Qc1
f4 16. Bd2 Bxf3 17. gxf3 h5 18. c4 Qh4 19. Re1 Qxh3 20. Bxf4 Kd7 21. Bd2 Qxf3
22. cxb5 Qxd5 23. Ba5 Rc8 24. Qc6+ Qxc6 25. bxc6+ Kxc6 26. Rec1+ Kb7 27. Rc2 c5
28. Rac1 g5 29. b4 g4 30. bxc5 dxc5 31. Rb1+ Ka8 32. Rb6 Rh6 33. Re2 Rxb6 34.
Bxb6 Kb7 35. Ba5 Kc6 36. Rxe5 h4 37. Re4 g3 38. Rxh4 gxf2+ 39. Kxf2 Kb5 40. Bd2
c4 41. Rh8 Bc5+ 0-1

[Event "Let's Play Chess!"]
[Site "http://www.queenalice.com/game.php?id=348408"]
[Date "2008.2.5"]
[Round "-"]
[White "Rutty"]
[Black "pladeira"]
[Result "1-0"]
[WhiteElo "1988"]
[BlackElo "1841"]

1. e4 e5 2. Nf3 Nc6 3. Bc4 Bc5 4. c3 Nf6 5. d4 exd4 6. cxd4 Bb4+ 7. Nc3 Nxe4 8.
O-O Bxc3 9. d5 Ne5 10. bxc3 Nxc4 11. Qd4 f5 12. Qxc4 d6 13. Bf4 O-O 14. Rfe1 g6
15. Bh6 Re8 16. Qd4 Qf6 17. Rxe4 1-0

[Event "Let's Play Chess!"]
[Site "http://www.queenalice.com/game.php?id=349277"]
[Date "2008.2.6"]
[Round "-"]
[White "raquca"]
[Black "pladeira"]
[Result "0-1"]
[WhiteElo "1867"]
[BlackElo "1837"]

1. d4 d5 2. Nf3 Nc6 3. g3 b6 4. Bg2 Bb7 5. O-O Nf6 6. c3 e6 7. Bf4 Bd6 8. e3 O-O
9. Bxd6 Qxd6 10. Nbd2 Rad8 11. Qc2 Rfe8 12. Rfe1 a6 13. Re2 b5 14. b4 h6 15. a4
bxa4 16. Rxa4 e5 17. dxe5 Nxe5 18. Nd4 c6 19. Nf5 Qc7 20. e4 Nxe4 21. Nxe4 dxe4
22. Bxe4 Ng6 23. Bd3 Rxe2 24. Bxe2 c5 25. Bxa6 Bxa6 26. Rxa6 cxb4 27. c4 Qc5 28.
g4 Rc8 29. Qb2 f6 30. Ra4 Ne5 31. Qxb4 Kh7 32. Qb1 g6 33. Ne3 Qc6 34. Ra7+ Kg8
35. f4 Qc5 36. Qb7 Qxe3+ 37. Kg2 Qe2+ 38. Kg3 Qe1+ 39. Kg2 Qe2+ 40. Kg1 Nf3+ 41.
Qxf3 Qxf3 0-1

[Event "Let's Play Chess!"]
[Site "http://www.queenalice.com/game.php?id=349288"]
[Date "2008.2.6"]
[Round "-"]
[White "pladeira"]
[Black "raquca"]
[Result "1-0"]
[WhiteElo "1825"]
[BlackElo "1904"]

1. e4 c5 2. Nf3 d6 3. d4 cxd4 4. Nxd4 Nf6 5. Nc3 a6 6. Be2 e5 7. Nb3 Be7 8. O-O
O-O 9. Bg5 Be6 10. Bxf6 Bxf6 11. Nd5 Bxd5 12. Qxd5 Nc6 13. Rad1 Be7 14. a3 Qb6
15. g3 Kh8 16. Kh1 f5 17. f4 fxe4 18. Qxe4 Rac8 19. Bd3 g6 20. f5 gxf5 21. Rxf5
Kg7 22. Qg4+ 1-0

[Event "Let's Play Chess!"]
[Site "http://www.queenalice.com/game.php?id=511667"]
[Date "2008.12.23"]
[Round "-"]
[White "pladeira"]
[Black "Pravitel"]
[Result "0-1"]
[WhiteElo "1859"]
[BlackElo "1971"]

1. e4 Nf6 2. Nc3 d5 3. exd5 Nxd5 4. Bc4 Nb6 5. Bb3 Nc6 6. Nf3 Bf5 7. O-O e6 8.
d3 Be7 9. Re1 O-O 10. a3 Bg4 11. Bf4 Nd4 12. Ba2 Bxf3 13. gxf3 Bd6 14. Bg3 Qf6
15. Kg2 Nf5 16. Ne4 Qxb2 17. Qc1 Qxc1 18. Raxc1 Bxa3 19. Rb1 Nxg3 20. hxg3 Rfd8
21. Rb3 Be7 22. f4 h6 23. Rbb1 a5 0-1

[Event "Let's Play Chess!"]
[Site "http://www.queenalice.com/game.php?id=512241"]
[Date "2008.12.24"]
[Round "-"]
[White "filomenos"]
[Black "pladeira"]
[Result "0-1"]
[WhiteElo "1917"]
[BlackElo "1845"]

1. d4 Nf6 2. Nf3 e6 3. g3 b6 4. Bg2 Bb7 5. a3 c5 6. O-O cxd4 7. Qxd4 g6 8. c3
Bg7 9. Bg5 O-O 10. Qd2 d5 11. Bh6 Nbd7 12. Bxg7 Kxg7 13. Qd4 Re8 14. Nbd2 e5 15.
Qb4 e4 16. Nd4 Qe7 17. Qxe7 Rxe7 18. e3 Nc5 19. b4 Nd3 20. Rab1 Rc8 21. Ne2 Ne8
22. Nc1 Rxc3 23. Nxd3 Rxd3 24. a4 Rxd2 25. Rfd1 Rxd1+ 26. Rxd1 Rc7 27. b5 Nd6
28. Bf1 Rc5 29. Be2 Nc4 30. h4 Nb2 31. Rd4 Nc4 32. Kf1 f5 33. Bxc4 Rxc4 34. Ke2
Rxd4 35. exd4 h6 36. Ke3 g5 37. h5 Bc8 38. f3 Bd7 39. fxe4 fxe4 40. Kf2 Bg4 0-1

[Event "Let's Play Chess!"]
[Site "http://www.queenalice.com/game.php?id=638322"]
[Date "2009.8.18"]
[Round "-"]
[White "pladeira"]
[Black "spawnwolfwolverine"]
[Result "0-1"]
[WhiteElo "1866"]
[BlackElo "1509"]

1. d4 d5 2. c4 dxc4 3. Nf3 e6 4. e4 b5 5. a4 Bb4+ 6. Nc3 Bxc3+ 7. bxc3 c6 8.
axb5 cxb5 9. Ba3 a5 10. Bb2 Nf6 11. e5 Nd5 12. Be2 Bb7 13. O-O O-O 14. Ng5 Qxg5
0-1

[Event "Let's Play Chess!"]
[Site "http://www.queenalice.com/game.php?id=638323"]
[Date "2009.8.18"]
[Round "-"]
[White "spawnwolfwolverine"]
[Black "pladeira"]
[Result "1-0"]
[WhiteElo "1610"]
[BlackElo "1834"]

1. d4 Nf6 2. e3 g6 3. g3 Bg7 4. Bg2 O-O 5. Ne2 c5 6. O-O Qc7 7. c3 d6 8. dxc5
Qxc5 9. Nd4 Nc6 10. Bxc6 bxc6 11. Na3 Rd8 12. Bd2 e5 13. Nf3 e4 14. Nd4 Bb7 15.
f3 d5 16. fxe4 Nxe4 17. b4 Qe7 18. Nac2 a6 19. a4 Qc7 20. a5 h6 21. Ne1 Bxd4 22.
cxd4 Rab8 23. Nf3 Kg7 24. Ne5 f6 25. Nf3 Bc8 26. Ra2 Bg4 27. Qe1 Bxf3 28. Rxf3
Nxd2 29. Rxd2 Rxb4 30. Rdf2 Qb7 31. Rxf6 Rd7 32. Rxc6 Qxc6 33. Qxb4 Rd8 34. Qe7+
1-0

[Event "Let's Play Chess!"]
[Site "http://www.queenalice.com/game.php?id=698352"]
[Date "2009.12.15"]
[Round "-"]
[White "pladeira"]
[Black "Lesser"]
[Result "0-1"]
[WhiteElo "1807"]
[BlackElo "1850"]

1. d4 g6 2. c4 Bg7 3. Nc3 Nf6 4. e4 d6 5. g3 c6 6. Bg2 O-O 7. Nf3 Bg4 8. O-O
Nbd7 9. h3 Bxf3 10. Qxf3 Qb6 11. d5 cxd5 12. exd5 Ne5 13. Qe2 Rac8 14. b3 Nh5
15. Kh1 a6 16. Bb2 f5 17. f4 Nxg3+ 0-1

[Event "Let's Play Chess!"]
[Site "http://www.queenalice.com/game.php?id=698353"]
[Date "2009.12.15"]
[Round "-"]
[White "Lesser"]
[Black "pladeira"]
[Result "1-0"]
[WhiteElo "1861"]
[BlackElo "1793"]

1. e4 e6 2. Nf3 d5 3. exd5 exd5 4. d4 Bd6 5. Nc3 Ne7 6. Bd3 Nbc6 7. O-O Bg4 8.
Be3 Qd7 9. Be2 O-O-O 10. h3 Bxf3 11. Bxf3 Bb4 12. Ne2 h6 13. c3 Ba5 14. b4 Bb6
15. a4 a5 16. b5 Na7 17. Ng3 Kb8 18. Qb3 Nac8 19. Nh5 g5 20. c4 dxc4 21. Qxc4 f5
22. Rad1 f4 23. Bg4 Qd5 24. Qxd5 Rxd5 25. Bc1 Rxd4 26. Bb2 Rxd1 27. Bxh8 Rxf1+
28. Kxf1 Bc5 29. Bg7 Ng8 30. Nf6 Nce7 31. Nd7+ 1-0